| 000 | 01209cam a2200241 4500500 | ||
|---|---|---|---|
| 005 | 20251228065528.0 | ||
| 041 | _afre | ||
| 042 | _adc | ||
| 100 | 1 | 0 |
_aRenault, Vincent _eauthor |
| 700 | 1 | 0 |
_aMorvan, Lauriane _eauthor |
| 700 | 1 | 0 |
_aMarsil, Cassandre _eauthor |
| 245 | 0 | 0 | _a« Parler est un besoin, écouter est un savoir » |
| 260 | _c2018. | ||
| 500 | _a75 | ||
| 520 | _aCe texte aborde l’actualité et les intérêts thérapeutiques de l’outil qu’est un groupe de parole en psychiatrie adulte. Nous y développons l’accueil spécifique de cette parole, avec le rapport au langage, singulier pour les sujets psychotiques. Nous souhaitons apporter notre contribution théorico-clinique et transmettre ce que cette expérience nous a apporté pour notre pratique professionnelle. | ||
| 690 | _afonctionnement psychotique | ||
| 690 | _afonctions thérapeutiques du groupe | ||
| 690 | _agroupe de parole | ||
| 690 | _aHôpital de jour | ||
| 690 | _apsychiatrie adulte | ||
| 786 | 0 | _nVST - Vie sociale et traitements | 140 | 4 | 2018-10-25 | p. 48-52 | 0396-8669 | |
| 856 | 4 | 1 | _uhttps://shs.cairn.info/revue-vie-sociale-et-traitements-2018-4-page-48?lang=fr&redirect-ssocas=7080 |
| 999 |
_c1591713 _d1591713 |
||